000 00863cam a22002894a 4500
008
020 _a0471391115 (pbk.)
049 _aMAIN
090 _aHG4515.95 GOL
100 1 _aGold, LauraMaery.
245 1 0 _aJ.K. Lasser's invest online /
_cLauraMaery Gold and Dan Post.
250 _a2nd ed.
260 _aNew York :
_bWiley,
_cc2000.
300 _axxii, 281 p. :
_bill. ;
_c24 cm.
440 0 _aJ.K. Lasser practical guides series
500 _aIncludes index.
650 0 _aElectronic trading of securities.
650 0 _aInvestments
_xComputer network resources.
650 0 _aPortfolio management.
650 0 _aInvestment analysis.
700 1 _aPost, Dan.
907 _a.b10168461
_b19-02-07
_c19-07-05
003
005 20230123134339.0
040 _cNUST
942 _cBOOKS
_kHG4515.95 GOL
999 _c164335
_d164335